| 000 | 00840nam a2200289Ia 4500 | ||
|---|---|---|---|
| 003 | OSt | ||
| 005 | 20221006142437.0 | ||
| 006 | a|||||r|||| 00| 0 | ||
| 007 | ta | ||
| 008 | 221006b |||||||| |||| 00| 0 eng d | ||
| 020 |
_a0080251234 _c222.20 |
||
| 024 | _a6,368 | ||
| 037 | _cTextual | ||
| 040 |
_aEASL _cEASL _beng |
||
| 041 |
_2eng _aeng |
||
| 082 | _aYx.1.N78, M1 | ||
| 100 |
_aLOZOYA Jorge A Ed. _9647729 |
||
| 245 | 0 | _aSocial and cultural isue of the new international economic order | |
| 260 |
_aNew York _bPergamon Press _c1981 |
||
| 300 |
_a212p. _ccm. |
||
| 490 | _v CEL | ||
| 650 |
_a International economics relations _9647730 |
||
| 650 | _aCEL | ||
| 700 |
_a BIRGIN Haydee Ed. _9647731 |
||
| 942 |
_hYx.1.N78, M1 _cTEXL _2CC |
||
| 999 |
_c1074454 _d1074454 |
||